El caso de Vivian la vampira / (Record no. 179994)

MARC details
000 -CABECERA
campo de control de longitud fija 00674nam a2200205 u 4500
005 - FECHA Y HORA DE LA ÚLTIMA TRANSACCIÓN
campo de control 20240228064229.0
008 - ELEMENTOS DE LONGITUD FIJA--INFORMACIÓN GENERAL
campo de control de longitud fija 160205s2008 ea r 000 0 spa d
020 ## - NÚMERO INTERNACIONAL NORMALIZADO PARA LIBROS
Número Internacional Estándar del Libro 9781575652771
035 ## - NÚMERO DE CONTROL DEL SISTEMA
Número de control de sistema UPN01000207893
049 ## - COLECCIÓN
Colección I
050 #4 - SIGNATURA TOPOGRÁFICA DE LA BIBLIOTECA DEL CONGRESO
Número de clasificación PZ74.9
Número de documento/Ítem K5.32
100 1# - ASIENTO PRINCIPAL--NOMBRE PERSONAL
Nombre de persona Knudsen, Michelle
9 (RLIN) 38381
245 13 - MENCIÓN DE TÍTULO
Título El caso de Vivian la vampira /
Mención de responsabilidad, etc. Michelle Knudsen ; il. Amy Wummer ; tr. Alma B. Martínez.
260 ## - PUBLICACIÓN, DISTRIBUCIÓN, ETC.
Lugar de publicación, distribución, etc. New York :
Nombre del editor, distribuidor, etc. The Kane Press,
Fecha de publicación, distribución, etc. 2008.
300 ## - DESCRIPCIÓN FÍSICA
Extensión 32 p. :
Otras características físicas principalmente il. col.
440 #0 - MENCIÓN DE SERIE/ASIENTO SECUNDARIO--TÍTULO
Título Science solves it! en español
650 #4 - ASIENTO SECUNDARIO DE MATERIA - TERMINO TEMATICO
Término de materia o nombre geográfico como elemento de entrada VAMPIROS -
Subdivisión de forma LITERATURA INFANTIL
9 (RLIN) 15397
650 #4 - ASIENTO SECUNDARIO DE MATERIA - TERMINO TEMATICO
Término de materia o nombre geográfico como elemento de entrada Libros y lectura para niños
9 (RLIN) 2290
905 ## - TIPO DE MATERIAL
Tipo de material Infantil
Holdings
Estado de retiro Estado de pérdida Fuente del sistema de clasificación o colocación Estado dañado No para préstamo Código de colección Localización permanente Ubicación/localización actual Ubicación en estantería Fecha de adquisición Clasificación Código de barras Fecha visto por última vez Número de copia Tipo de ítem Koha
    Library of Congress Classification     Infantil Bib. Gregorio Torres Quintero Bib. Gregorio Torres Quintero Sala infantil Planta baja 10/05/2023 PZ74.9 K5.32 309206 31/12/2020 1 Libro